[Event "Moscow-ch op"]
[Site "Moscow"]
[Date "1995.??.??"]
[Round "5"]
[White "Najer, Evgeniy"]
[Black "Rustemov, Alexander"]
[Result "0-1"]
[WhiteElo "2455"]
[BlackElo "2475"]
[Annotator "Rustemov,A"]
[PlyCount "66"]
[EventDate "1995.??.??"]
[EventType "swiss"]
[EventRounds "11"]
[EventCountry "RUS"]
[SourceTitle "EXT 1997"]
[Source "ChessBase"]
[SourceDate "1996.11.15"]
[SourceVersion "1"]
[SourceVersionDate "1996.11.15"]
[SourceQuality "1"]

1. e4 {Shipov} e6 2. d4 d5 3. Nc3 Bb4 4. e5 Ne7 5. a3 Bxc3+ 6. bxc3 c5 7. h4
Qc7 $5 (7... Qa5 $5) 8. h5 $5 (8. Nf3 b6 9. h5 h6 10. a4 $5 (10. Bb5+ Bd7 11.
Bd3 Nbc6 12. O-O c4 $1 13. Be2 f6 14. Bf4 O-O-O $13) 10... Ba6 11. Bb5+ Bxb5
12. axb5 $14 {Ljubojevic,L-Short,N/Rotterdam/1989/}) 8... cxd4 (8... h6 $5) 9.
cxd4 Qc3+ 10. Bd2 Qxd4 11. Nf3 Qe4+ (11... Qb6 $2 {Shipov} 12. h6 g6 13. Bd3
Nbc6 14. Bg5 Qc7 15. Bf6 O-O 16. Qd2 Re8 17. Kf1 d4 18. Qg5 $16 {Milos,G-Playa,
M/Asuncion/1992/1:0/39/}) 12. Be2 {/\Rh4/} Nf5 $8 13. Kf1 (13. O-O $1 {/\Re1~/
=/}) 13... b6 $1 14. Bb5+ $1 (14. Bd3 $2 Ba6 $17) 14... Bd7 (14... Kf8 15. Kg1
$1 Ba6 16. Bd3 Qg4 (16... Bxd3 {Shipov} 17. cxd3 Qxd3 $4 18. Bb4+ $18) 17. Bxf5
$1 Qxf5 18. h6 gxh6 19. Nd4 Qe4 20. Bxh6+ Ke8 21. Qd2 $16 {Kuczynski,R-Schmidt,
W/POL/1990/1:0/34/}) 15. Bd3 Qg4 16. h6 $5 (16. Rh3 $5 {/\Qe1,Nh2/}) (16. Rh3 {
Shipov} Nc6 17. Qe1 Qa4 18. Kg1 h6 19. Rb1 Rc8 20. Bb4 $44 {Kuczynski,
R-Schmidt,W/Polanica Zdroj/1989/0,5/36/}) 16... gxh6 17. Bxf5 $2 (17. Bxh6 Nc6
18. Bg5 Rc8 $5 19. Bf6 Rg8 20. g3 $13 {Aseev,K-Rustemov,A/St-Peterburg/1994/} (
20. g3 {Shipov} Na5 21. Rxh7 Ba4 $10 {Aseev,K-Rustemov,A/St.Petersburg/1994/0:
1/60/})) 17... Qxf5 18. Rxh6 (18. Bb4 $5 {Shipov}) (18. Kg1 $5 {Shipov}) 18...
Rg8 19. Bb4 (19. Kg1 $1 $44 {Shipov}) 19... Bb5+ 20. Kg1 Qe4 $1 $17 21. Rh4 (
21. Ne1 Qxe5 22. Rxh7 $17) 21... Be2 $1 $19 22. Rxe4 Bxd1 23. Rxd1 $5 (23. Rf4
Bxf3 (23... Bxc2 $6 24. Rc1 $44 (24. Nd4 Bd3 25. Rc1 $44 Bc4 $140 $2 26. Nb5 $1
)) 24. Rxf3 Nd7 $19 (24... Nc6 {Shipov} 25. Bd6 Nd4 $17)) 23... dxe4 24. Nd2 (
24. Nd4 {Shipov /\ Nb5/} a6 $1 $17) 24... Rg4 $1 $8 25. Re1 (25. Nc4 Nc6 26.
Nd6+ Kf8 27. Nxe4+ Nxb4 28. Nf6 Rc4 29. axb4 Rxb4 $19) 25... a5 26. Bd6 (26.
Bc3 $142 $1 {Shipov} Nd7 27. Nxe4 Ke7 28. f3 Rgg8 29. Bd4 $132) 26... Nd7 27.
Nxe4 Rc8 $19 28. Re2 Rc6 29. f3 Rg6 30. f4 h6 (30... f5 $2 31. exf6 Nxf6 32. f5
$1) 31. Kf1 Kd8 32. g3 f5 33. exf6 (33. Nf2 Rxg3 $19) 33... Nxf6 (33... Nxf6
34. f5 exf5 35. Nxf6 Rxd6 $19) 0-1

[Event "Olympiad-42"]
[Site "Baku"]
[Date "2016.09.03"]
[Round "2.1"]
[White "Karjakin, Sergey"]
[Black "Atabayev, Maksat"]
[Result "1-0"]
[WhiteElo "2769"]
[BlackElo "2485"]
[Annotator "Sadorra,J"]
[PlyCount "131"]
[EventDate "2016.09.02"]
[EventType "team-swiss"]
[EventRounds "11"]
[EventCountry "AZE"]
[SourceTitle "CBM 175"]
[Source "ChessBase"]
[SourceDate "2016.11.10"]
[SourceVersion "1"]
[SourceVersionDate "2016.11.10"]
[SourceQuality "1"]
[WhiteTeam "Russia"]
[BlackTeam "Turkmenistan"]
[WhiteTeamCountry "RUS"]
[BlackTeamCountry "TKM"]

{This game features the popular 6...Qa5 Winawer in which Black allows White to
push his pawn all the way to h6. Let's find out if this is such a good idea.} 
1. e4 e6 2. d4 d5 3. Nc3 Bb4 4. e5 c5 5. a3 Bxc3+ 6. bxc3 Qa5 7. Bd2 Qa4 8. h4
$5 Nc6 9. h5 Nge7 $6 {Allowing White to play h6 is usually is very risky. This
means that White can easily create targets on the kingside and Black will have
to quickly and effectively drum up counterplay either in the centre or on the
queenside.} (9... h6 $1 10. Nf3 Nge7 11. Rb1 (11. dxc5 Qe4+) (11. Rh4 c4 $11)
11... c4 {for more analysis on these lines see my annotations of the game
Karjakin-Radjabov in CBM 173.}) 10. h6 gxh6 (10... g6 11. Rb1 a6 12. Bd3 cxd4
13. cxd4 Qxd4 14. Nf3 Qc5 15. Qc1 $1 {and White has more than enough
compensation for the pawn due to his active pieces and Black's weak dark
squares.}) 11. Rb1 $1 {The most accurate continuation in this position. You
can bet the World Championship challenger has prepared and understood the
nuances of this move in his training camp.} ({Recent top-level encounters have
seen} 11. Nf3 cxd4 12. cxd4 (12. Rh4 $6 Ng6 13. Rxh6 dxc3 14. Bxc3 {0-1 (39)
Almasi,Z (2689)-Kovalenko,I (2700) Bastia FRA 2015}) 12... Nxd4 13. Bd3 {
or the tried and tested equaliser} Bd7 ({Here, Black has} 13... b6 $5 $146 14.
Bb4 Ndf5 $13) (13... Nec6 14. Kf1 $1 $146 (14. Rb1 Rg8 {0-1 (27) Sutovsky,E 
(2647)-Ivanchuk,V (2710) Ashdod ISR 2015}) 14... Nf5 (14... Rg8 $4 15. Rh4) (
14... Nxf3 15. Qxf3 Qd4 16. Re1 Rg8 17. Bxh6 Nxe5 18. Qf6 Nc6 19. Qxd4 Nxd4 20.
Bxh7 $18)) 14. Rb1 (14. Bb4 Ndc6 15. Rh4 $2 Ng6 $36 {0-1 (23) Volokitin,A 
(2645)-Zhang,P (2636) Fuegen 2006}) 14... b6 $1 15. Rb4 Nxf3+ 16. Qxf3 Qxa3
$132) 11... a6 (11... c4 $2 {gives White all he wants--an attack on the k-side
without enemy counterplay.} 12. Rxh6) (11... Rg8 {is also not enough to
generate good counterplay} 12. Nf3 (12. Bb5 Qxa3 13. Kf1 $16) 12... Nf5 13. Bb5
$1 Qxa3 14. g3 Bd7 (14... c4 15. Bxc6+ $1 bxc6 16. Nh2 $1 $16 {[%csl Rf6][%cal
Gh2g4,Gg4f6]}) 15. Bd3 b6 16. Nh4 $16) 12. Nf3 $146 {Apparently, this natural
move has never been played before in this position.} (12. Bd3 $6 cxd4 13. cxd4
Qxd4 (13... Nxd4 $4 14. Rb4 {is probably White's idea for delaying the knight
development, but it still allows Black to generate activity in the centre
especially on the e5-square.}) 14. Nf3 Qg4 15. g3 Ng6 $132 {[%csl Re5] 1-0 (29)
Varga,Z (2435)-Tibensky,R (2401) Slovakia 2011, and even though White
eventually won Black got good counterplay here.}) 12... cxd4 13. cxd4 Nxd4 14.
Bd3 {So, one may ask, isn't this the same as the position after White plays 11.
Nf3? No, for the simple reason that Rb1 and ...a6 are inserted which only
benefits White! For example, Black now doesn't have options of playing ...b6
or ...Bd7 - see notes B) & C) under 11.Nf3.} Ndc6 (14... Nxf3+ $2 15. Qxf3 Nc6
16. Qf6 Rg8 17. Bxh7 Rxg2 18. Qh8+ Kd7 19. Qf8 $16) (14... Nec6 {is met with
the familiar idea} 15. Kf1 $1 $16) 15. Bxh6 (15. Kf1 $5 Ng6 16. Qe2 Qxa3 17.
Rxh6 $14 {[%cal Ge2e3,Ge3b6,Ge3g5,Gg5f6] with the idea of seizing the weak
dark squares next.}) 15... Rg8 16. g3 {A good practical decision. Karjakin
decides to keep things under control before taking any action.} ({But the
energetic & direct approach actually works now:} 16. Ng5 $5 Qf4 (16... Nxe5 17.
Bxh7 Rh8 (17... Rg6 18. Bxg6 N7xg6 19. Bg7 {and Black doesn't have enough for
the exchange.}) 18. Bg7) 17. Nxh7 Qxe5+ 18. Kf1 {and Black cannot exploit the
knight on h7, while White will eventually seize the dark squares and Black's
king position is vulnerable.} f5 (18... b5 19. Qh5 $18) (18... Bd7 19. Rxb7 $18
) (18... Nf5 19. Rh5 $1) 19. Qh5+ Kd8 20. Bg5 $16) 16... Qxa3 $2 {Lacking a
sense of danger or overestimation of one's resources.} ({A more stubborn try
was} 16... Ng6 17. Qe2 (17. Kf1 Qg4 18. Be2 Qf5 19. Be3 h5 (19... Rh8 20. Nd4)
20. c4 $1 (20. Nd4 Nxd4 21. Bxd4 h4 $132) 20... dxc4 21. Bxc4 Ngxe5 22. Nxe5
Qxe5 23. Be2 $40) 17... Qg4 $1 $132) 17. Bxh7 Rg4 18. Bf4 (18. Kf1 $5 Ng6 19.
Rh5 $1 $16 b5 (19... Qc3 20. Bd2 Qc4+ 21. Kg1 b5 22. Nh2 $16) 20. Bg5 Ngxe5
$140 $2 21. Nxe5 Nxe5 22. Be3 $18) 18... Qc3+ 19. Bd2 Qc5 20. Bd3 (20. Kf1 $5
b5 21. Qe2 Bb7 22. Ng5 $16) (20. Qe2 $5 b5 21. Kf1) 20... Ng6 21. Kf1 $1 b5 (
21... Ncxe5 22. Nxe5 Nxe5 23. Rh8+ Kd7 24. Be3 d4 25. Bf4 $40 {and Black's
exposed king will eventually tell.}) 22. Nh2 $1 {Now White's pieces start to
come at the stranded Black king in the middle of the board.} Rc4 23. Ng4 Rxg4 (
23... Ncxe5 24. Nxe5 Nxe5 {and here the most accurate is the intermediate move}
25. Rh5 $3 Nxd3 26. cxd3 Rc2 27. Rh8+ Kd7 28. Rh7 {with an exposed enemy king
in an opposite-coloured bishop situation, White is practically winning e.g.}
Kc6 29. Rxf7 Bd7 (29... Bb7 30. Be3 $1 (30. Bb4 $1 Rh8 31. Kg1 $18) 30... Qc3
31. Bd4 $18) 30. Bb4 Rh8 31. Kg1 $18) 24. Qxg4 Ncxe5 25. Qg5 Nxd3 26. cxd3 $16
{With his weak king and lag in development, Black doesn't have enough for the
exchange.} Qd4 27. Ke2 {safe and solid} (27. Kg1 $5 Qxd3 28. Re1 $1 Bd7 (28...
Bb7 29. Bb4 $18) 29. Rh8+ Nxh8 30. Qg8+ Ke7 31. Bb4+ $18) 27... Bb7 28. Rbc1
Rc8 29. Rxc8+ Bxc8 30. Rc1 Bd7 31. Bc3 Qc5 32. Bf6 {Wrong direction. Now White
experiences technical difficulties in converting his advantage.} (32. Ba5 $142
$1 Qe7 33. Qe3 Qd6 34. Qa7 e5 35. Rc7 $18) 32... Qd6 33. Qh6 e5 34. Qg7 e4 35.
dxe4 dxe4 36. Qg8+ Nf8 37. Bg7 b4 38. Ke1 $5 {A good practical try.} ({The
direct simplification also doesn't lead to any clear win after} 38. Qxf8+ Qxf8
39. Bxf8 Kxf8 40. Ke3 f5 41. Kd4 Ke7 (41... a5 42. Kc4 (42. Rc7 $5 Ke7 43. Rb7
Kd6 $11) 42... Be6+ 43. Kb5 b3 44. Kxa5 Ke7 45. Rc6 Kf6 46. Rb6 Ke5 47. Kb4 Bd5
48. Kc3 Be6) 42. Kc4 a5 43. Ra1 Be6+ 44. Kc5 b3 45. Rxa5 Kf6 46. Kd4 Kg5 47.
Rb5 (47. Ra6 Bf7 48. Rb6 Kg4 49. Ke3 Kg5) 47... Kg4 48. Ke3 (48. Ke5 Bc4) 48...
Kg5 {I don't want to draw any definite conclusion, but I do not see any way
for White make progress in this ending.}) (38. Rd1 $4 Bg4+) 38... b3 $2 ({
Black had to play} 38... e3 $1 39. Qxf8+ Qxf8 40. Bxf8 exf2+ 41. Kxf2 Kxf8 {
and this ending should be a draw e.g.} 42. Ke3 (42. Ra1 Bb5 43. Rb1 (43. Ke3
Ke7 44. Kd4 Kd6) 43... a5 44. Ke3 Ke7 45. Kd4 Kd6) 42... a5 43. Rc7 Ke7 44. Rb7
Ke6 $11) 39. Rd1 Qb4+ 40. Rd2 $1 (40. Kf1 e3 $1) 40... b2 41. Bxb2 e3 {Too
late!} 42. fxe3 Qe4 43. Qh8 $1 {Black cannot stop the trade of queens, killing
Black's counterplay after which it's an easy technical win. The rest doesn't
need any comments as Black is down the exchange and the knight is no match for
White's active rook in the following ending.} Bb5 44. Qe5+ Qxe5 45. Bxe5 Nd7
46. Bc3 Ke7 47. Kf2 Ke6 48. e4 Ne5 49. Rd5 Ng6 50. Rf5 Nf8 51. g4 Nd7 52. g5
Bc6 53. Ke3 Bb5 54. Kf4 Bc4 55. Ke3 Bb5 56. Bb4 Bc6 57. Kf4 Bb7 58. Ra5 f6 59.
Bc3 fxg5+ 60. Rxg5 Nf8 61. Bb4 Nd7 62. Rg7 Bc8 63. Rg8 Bb7 64. Re8+ Kf6 65. e5+
Kg6 66. Re6+ {Therefore, from a theoretical perspective, French players should
play h7-h6! every time White plays h4-h5.} 1-0

[Event "USA-ch"]
[Site "Saint Louis"]
[Date "2016.04.15"]
[Round "2"]
[White "Caruana, Fabiano"]
[Black "Shankland, Samuel L"]
[Result "1-0"]
[WhiteElo "2795"]
[BlackElo "2656"]
[Annotator "Sadorra,J"]
[PlyCount "107"]
[EventDate "2016.04.14"]
[EventType "tourn"]
[EventRounds "11"]
[EventCountry "USA"]
[EventCategory "17"]
[SourceTitle "CBM 172"]
[Source "ChessBase"]
[SourceDate "2016.05.12"]
[SourceVersion "1"]
[SourceVersionDate "2016.05.12"]
[SourceQuality "1"]

{This game features an interesting line in the most solid lines of the French
Winawer for Black in which White was able to slowly build up pressure in a
seemingly innocuous position.} 1. e4 e6 2. d4 d5 3. Nc3 Bb4 4. e5 Ne7 5. a3
Bxc3+ 6. bxc3 c5 7. Qg4 O-O 8. Bd3 Nbc6 9. Qh5 Ng6 {So far we're still
following the mainline of the Winawer 7...0-0.} 10. Nh3 $5 {A clever choice by
Fabiano to test Shankland's knowledge and understanding of the subtleties of a
not-so-popular line.} (10. Nf3 {is the most common move here, and the mainline
runs} Qc7 11. Be3 c4 12. Bxg6 fxg6 13. Qg4 Qf7 {and recent practice shows that
Black is fine and can generally hold off White's attack on the kingside. Now
let's find out if White obtain something special with a N on h3!} ({or} 13...
b5 $1 {as recommended by Emmanuel Berg.})) 10... Qc7 11. Be3 ({The other way
to continue here is} 11. O-O {but Black is fine after} c4 12. Be2 Qa5 $1 $146 {
then later go f7-f6.} (12... f6 $6 13. exf6 Rxf6 14. Bg5 Rf8 15. f4 $1 $14))
11... c4 12. Bxg6 fxg6 13. Qg4 Qf7 {Playing by analogy to the mainline which
is not the best way to react here.} (13... b5 $142 $5 {and}) (13... Qa5 $5 $146
{are both recommended by Emanuel Berg in the 2nd volume of his comprehensive
series of books on the French. One of his lines goes:} 14. Bd2 Qa4 15. Ra2 Bd7
16. Nf4 {and here I like his idea} Rf5 $1 17. h4 Raf8 {intending to meet h5
with g5, with a great position.}) 14. Nf4 Ne7 15. h4 h6 16. Qe2 Bd7 17. g4 {
Black is solid on the kingside, but he doesn't have as much freedom for his
pieces as in the line after 13...Qa5 making it an unpleasant position to play
for a long time.} b5 18. f3 $1 {Slowly improving his kingside, a move which
Caruana described as "creamy."} a5 {.} 19. Kf2 Rab8 20. Kg3 Be8 {Black is
still fine here but his pieces are clunky, without any future prospects, which
can be awkward to play with.} 21. Bd2 b4 $6 {A step in the wrong direction as
it only helps White achieve his goal of creating a second weakness/front.} ({
It was better to sit and be patient with} 21... Bc6 22. Rhb1 ({Maybe Shankland
was concerned about the idea} 22. a4 b4 (22... bxa4 23. Bc1) 23. Rhb1 {but
here Black can afford to wait and be solid with} (23. cxb4 axb4 24. a5 Bb5 $1)
23... Bd7 (23... b3 24. cxb3 cxb3 25. Nd3 $16) 24. Qe3 (24. cxb4 $6 axb4 25. a5
Bb5 $1 26. Qe3 c3 27. Bc1 Nc6 $17) 24... Nc6 25. Rb2 Rb7 26. Rab1 Rfb8 {
and Black is in time to hold the queenside fort.}) 22... Ra8 {and I don't see
a clear way for White to make progress:} 23. Bc1 Bd7 $1 $11 (23... Rfb8 $6 24.
a4 $1 bxa4 (24... b4 25. Bd2 bxc3 26. Rxb8+ Rxb8 27. Bxc3 Ra8 28. Qd2 Rf8 29.
Bxa5 $1 g5 30. hxg5 hxg5 31. Nxe6 Qxe6 32. Qxg5 Ng6 33. Bb4 Rf7 34. a5 $16) 25.
Ba3 Nc8 26. Bc5 {and White can press on both sides of the board.}) (23... Be8
$5) 24. a4 b4 25. Qe3 (25. Bd2 $2 bxc3 26. Bxc3 Qxf4+) (25. cxb4 axb4 26. Rxb4
Nc6) 25... Rab8 26. Bd2 Nc6 {and Black has a fortress.} 27. h5 $2 {is no
longer dangerous due to} gxh5 28. Nxh5 Qg6 $1 29. Rh1 Ne7 $17 {[%cal Re7f5,
Rg6c2,Rg6g3,Rb4b3]}) (21... Nc8 $2 22. h5 Ne7 23. hxg6 Nxg6 24. Nh5 $40 {
simply looks scary.}) 22. axb4 axb4 23. Rhb1 {Another unpleasant moment for
Black as he's faced with another choice: to play b3 now or later.} Nc6 ({If} 
23... b3 24. cxb3 (24. Ra7 $4 Nf5+) 24... cxb3 25. Qe3 {preventing ...Bb5 and
preparing Nd3-c5, with still a much easier position to play. However this
whole line is a better choice than the game's only if Black can foresee the
idea} (25. Qd1 $5) (25. Ra3 $2 Bb5 26. Qe3 Bc4 $17) 25... Nc8 $1 {[%cal Gc8b6,
Gb6c4] in his analysis} 26. Qf2 Rb5 $1 27. Ra3 Nb6 28. Raxb3 Rxb3 29. Rxb3 Nc4
$44 {and I believe White's edge is only symbolic.}) 24. Qe3 b3 {From here on,
White starts his queenside invasion-domination.} 25. Bc1 Bd7 26. Ba3 bxc2 27.
Rc1 Rfc8 28. Rxc2 Ra8 29. Rca2 Be8 30. Bd6 $16 Rxa2 31. Rxa2 Qd7 32. Qc1 $1 {
Bringing another piece to the queenside party!} Bf7 33. Qb1 Qe8 34. Qb7 {
All Black can do now is sit and wait for any mistake from his opponent. Does a
2800-level player make errors in these types of positions?} Kh7 35. Ra6 Kg8 36.
Bc7 Ne7 37. Bd6 Nc6 38. Kg2 Kh7 39. Kh3 Kg8 40. Kg3 Kh7 41. Nh3 Kg8 42. g5 h5
43. Nf4 Kh7 {After some manoeuvring and planning, the N now joins the party.}
44. Ng2 $1 Bg8 45. Ne3 Bf7 46. Nc2 Bg8 47. Na3 Bf7 48. Kf2 Bg8 49. Ke3 $2 {
An inaccuracy which could've allowed Black to significantly minimise White's
advantage. Unfortunately and understandably, Black probably wasn't in the
right mindset to be alert to see such an opportunity:} Bf7 $6 (49... Qf7 $1 50.
Qxc8 (50. Qxf7 Bxf7 51. Nb5 Be8 {White may still be better but Black's chances
of holding have increased}) 50... Qf5 51. Kf2 Qf4 52. Ke2 Qf5 $1 53. Nxc4 Qc2+
(53... dxc4 54. Ra2 Qf4 $1 {should also be sufficient}) 54. Nd2 Nxd4+ 55. Ke3
Nf5+ $11 {and White cannot escape perpetual check. Therefore, the answer to
the question earlier is yes! Even top players slip up in much better positions
so it pays to stay vigilant in defending worse positions!}) 50. Kd2 {Black
doesn't get another chance, and White's N makes a dramatic and decisive
entrance.} Bg8 51. Kc2 Bf7 52. Kc1 Kg8 53. Nb5 Ne7 54. Na7 {A powerful display
of pressure play, domination and manoeuvring by the newly-crowned U.S. Chess
Champion Fabiano Caruana!} 1-0